Países y Territorios llamados “Isla…” - Estadísticas

Estadísticas generales
  • Esta prueba ha sido intentada 22 veces
    19 desde el último reinicio
  • La puntuación promedio es 9 de 23
Estadísticas de respuestas
Pertenece a… Territorio/País % Correcto
- Islas Marshall
92%
- Islas Salomón
92%
Nueva Zelanda Islas Cook
75%
Reino Unido Islas Vírgenes Británicas
75%
Estados Unidos Islas Vírgenes de los Estados Unidos
75%
Dinamarca Islas Feroe
67%
Reino Unido Islas Caimán
50%
Australia Islas Cocos
50%
Estados Unidos Islas Marianas del Norte
50%
Reino Unido Islas Turcas y Caicos
50%
Australia Isla de Navidad
42%
Australia Isla Norfolk
42%
Reino Unido Islas Malvinas
42%
Reino Unido Islas Georgias del Sur y Sanwich del Sur
33%
Reino Unido Islas Pitcairn
33%
Noruega Isla Bouvet
25%
Corona Británica Isla de Man
25%
Francia Isla Clipperton
8%
Australia Islas Ashmore y Cartier
0%
Australia Islas del Mar del Coral
0%
Australia Islas Heard y McDonald
0%
- Islas Spratly
0%
Estados Unidos Islas Ultramarinas Menores de los Estados Unidos
0%
No se encontraron pruebas coincidentes
Distribución de puntuación
Porcentaje de gente con cada puntuación
Porcentaje por número respondido
Historial de tus puntuaciones
No has intentado esta prueba desde el último reinicio